Loading...
| Fine Arts - Classical Music | 2 | 15.00 | 6,500% | 0% | 450% |
| Fine Arts - Other | 8 | 10.00 | 800% | 275% | 413% |
| Fine Arts - Painting & Sculpture | 3 | 6.67 | 0% | 0% | 500% |
| History - American | 3 | 6.67 | 1,633% | 300% | 0% |
| History - European | 7 | 10.00 | 3,471% | 129% | 243% |
| History - Other | 3 | 10.00 | 1,633% | 500% | 0% |
| History - World | 1 | 10.00 | 8,100% | 0% | 0% |
| Literature - American | 4 | 2.50 | 1,225% | 0% | 0% |
| Literature - British | 4 | 7.50 | 1,600% | 0% | 375% |
| Literature - European | 3 | 6.67 | 2,133% | 0% | 267% |
| Literature - World | 6 | 11.67 | 5,117% | 283% | 100% |
| Mythology | 6 | 8.33 | 2,133% | 0% | 367% |
| Other | 6 | 11.67 | 2,167% | 533% | 100% |
| Philosophy | 2 | 5.00 | 0% | 0% | 450% |
| Religion | 2 | 10.00 | 0% | 400% | 350% |
| Science - Biology | 5 | 8.00 | 2,260% | 0% | 340% |
| Science - Chemistry | 6 | 11.67 | 5,400% | 150% | 133% |
| Science - Other | 4 | 7.50 | 0% | 375% | 225% |
| Science - Physics | 4 | 15.00 | 1,225% | 425% | 600% |
| Social Science | 6 | 13.33 | 2,700% | 517% | 283% |